00697nam a2200193Ia 4500008004100000020001800041082001700059100002900076245007700105250002200182300003300204650006800237264006000305336002700365337003300392338002800425040003500453999001500488161108s9999 xx 000 0 und d a9789587072358 a348.045 P17c aParra Quirós, Fernando aEl curador urbano y su ejercicio en Colombia /c Fernando Parra Quirós aPrimera edición axii, 182 páginas ;c 24 cm aUrbanismo - Legislacion - Colombia / Politica Urbana - Colombia aBogotá :b Librería Ediciones del Profesional Ltda. atextobtxt2rdacontent asin mediaciónbn2rdamedia avolumenbnc2rdacarrier aCO-BoRNBPbspaerdacCO-BoRNBP c7522d7522